Tăng cường khai thác nguồn tài nguyên thông tin tại Thư viện trường Đại học Thủ Dầu Một
Đồng ý về việc phục vụ đọc trực tuyến, cho chép file; cho photo 100% tài liệu; TM tài liệu tham khảo sau phần kết luận; Luận văn Thạc sĩ trường Đại học Khoa học xã hội và nhân văn. Chuyên ngành: Khoa học Thông tin - Thư viện; Mã số: 60320203; Lu...
Spremljeno u:
| Glavni autor: | |
|---|---|
| Daljnji autori: | |
| Format: | Knjiga |
| Jezik: | Undetermined |
| Izdano: |
Bình Dương
2019
|
| Teme: | |
| Online pristup: | http://lrc.tdmu.edu.vn/opac/search/detail.asp?aID=2&ID=40322 |
| Oznake: |
Dodaj oznaku
Bez oznaka, Budi prvi tko označuje ovaj zapis!
|
| Thư viện lưu trữ: | Trung tâm Học liệu Trường Đại học Thủ Dầu Một |
|---|
| LEADER | 01841nam a2200205Ia 4500 | ||
|---|---|---|---|
| 001 | TDMU_40322 | ||
| 008 | 210410s9999 xx 000 0 und d | ||
| 082 | |a 362.1 | ||
| 090 | |b TR121 | ||
| 100 | |a Trần, Đức Tịnh | ||
| 245 | 0 | |a Tăng cường khai thác nguồn tài nguyên thông tin tại Thư viện trường Đại học Thủ Dầu Một | |
| 245 | 0 | |c Trần Đức Tịnh; Phạm Tấn Hạ (h.dẫn) | |
| 260 | |a Bình Dương | ||
| 260 | |c 2019 | ||
| 300 | |a 98 tr.+ Phụ lục | ||
| 520 | |a Đồng ý về việc phục vụ đọc trực tuyến, cho chép file; cho photo 100% tài liệu; TM tài liệu tham khảo sau phần kết luận; Luận văn Thạc sĩ trường Đại học Khoa học xã hội và nhân văn. Chuyên ngành: Khoa học Thông tin - Thư viện; Mã số: 60320203; Luận văn gồm 3 chương: Cơ sở lý luận về hoạt động khai thác nguồn tài nguyên thông tin tại thư viện đại học; khảo sát, đánh giá hiện trạng hoạt động khai thác nguồn TNTT tại Thư viện trường ĐH Thủ Dầu Một; giải pháp tăng cường khai thác nguồn TNTT tại Thư viện trường ĐH Thủ Dầu Một | ||
| 650 | |a Thư viện |x Nguồn tài nguyên thông tin |z Đại học Thủ Dầu Một (Bình Dương - Việt Nam); Tài nguyên thông tin |x Vốn tài liệu |x Cơ sở dữ liệu |z Thư viện trường Đại học Thủ Dầu Một (Bình Dương - Việt Nam) | ||
| 700 | |a Phạm, Tấn Hạ | ||
| 856 | |u http://lrc.tdmu.edu.vn/opac/search/detail.asp?aID=2&ID=40322 | ||
| 980 | |a Trung tâm Học liệu Trường Đại học Thủ Dầu Một | ||